<?xml version='1.0' encoding='UTF-8'?>
  <record xmlns="http://www.loc.gov/MARC21/slim">
    <leader>00000cam a22000007i 4500</leader>
    <controlfield tag="001">ocn246266550</controlfield>
    <controlfield tag="003">OCoLC</controlfield>
    <controlfield tag="005">20250316183641.8</controlfield>
    <controlfield tag="008">080907s1565    fr            001 0 lat d</controlfield>
    <datafield tag="040" ind1=" " ind2=" ">
      <subfield code="a">NLGGC</subfield>
      <subfield code="b">eng</subfield>
      <subfield code="e">rda</subfield>
      <subfield code="e">dcrmb</subfield>
      <subfield code="c">NLGGC</subfield>
      <subfield code="d">QGJ</subfield>
      <subfield code="d">OCLCL</subfield>
      <subfield code="d">OCLCQ</subfield>
      <subfield code="d">EUM</subfield>
      <subfield code="d">OCLCO</subfield>
    </datafield>
    <datafield tag="029" ind1="0" ind2=" ">
      <subfield code="a">NLGGC</subfield>
      <subfield code="b">314311785</subfield>
    </datafield>
    <datafield tag="035" ind1=" " ind2=" ">
      <subfield code="a">(OCoLC)246266550</subfield>
    </datafield>
    <datafield tag="245" ind1="0" ind2="0">
      <subfield code="a">Adversus synodi Tridentinae restitutionem seu continuationem, a Pio IIII Pontifice indictam opposita gravamina :</subfield>
      <subfield code="b">quibus causae necessariae et gravissimae exponuntur, quare ea Electoribus caeterisque imperii principibus &amp; ordinibus Augustanae confessionis, neque agnoscenda neque adeunda fuerit : pro defensione syncerae &amp; orthodoxae religionis, proposita primum in Naoburgico conventu principium /</subfield>
      <subfield code="c">ex Sacrarum literarum testimoniis ... e Germanico in Latinum conversa a D. Laurentio Tuppio Pomerano, Scholae Argentoratensis Iurisconsulto.</subfield>
    </datafield>
    <datafield tag="246" ind1="3" ind2=" ">
      <subfield code="a">Adversvs Synodi Tridentinae Restitvtionem sev continuationem, à Pio IIII. Pontifice indictam, opposita grauamina: quibus causae necessarię. et grauissimę. exponuntur, quare ea Electoribvs caeteris[que] Imperij Principibus &amp; Ordinibus Augustanae Confessionis, ne[que], agnoscenda ne[que], adeunda fuerit.</subfield>
    </datafield>
    <datafield tag="246" ind1="3" ind2="0">
      <subfield code="a">Continuationem, a Pio IIII Pontifice indictam opposita gravamina</subfield>
    </datafield>
    <datafield tag="264" ind1=" " ind2="1">
      <subfield code="a">Argentorati :</subfield>
      <subfield code="b">excudebat Samuel Emmel,</subfield>
      <subfield code="c">Anno Domini MDLXV. [1565].</subfield>
    </datafield>
    <datafield tag="300" ind1=" " ind2=" ">
      <subfield code="a">[16], 470, [39] pages ;</subfield>
      <subfield code="c">4-o.</subfield>
    </datafield>
    <datafield tag="336" ind1=" " ind2=" ">
      <subfield code="a">text</subfield>
      <subfield code="b">txt</subfield>
      <subfield code="2">rdacontent</subfield>
    </datafield>
    <datafield tag="337" ind1=" " ind2=" ">
      <subfield code="a">unmediated</subfield>
      <subfield code="b">n</subfield>
      <subfield code="2">rdamedia</subfield>
    </datafield>
    <datafield tag="338" ind1=" " ind2=" ">
      <subfield code="a">volume</subfield>
      <subfield code="b">nc</subfield>
      <subfield code="2">rdacarrier</subfield>
    </datafield>
    <datafield tag="340" ind1=" " ind2=" ">
      <subfield code="m">4to</subfield>
      <subfield code="2">rdabf</subfield>
    </datafield>
    <datafield tag="500" ind1=" " ind2=" ">
      <subfield code="a">Signatures: *⁸ A-Z⁸ Aa-Ii⁸.</subfield>
    </datafield>
    <datafield tag="500" ind1=" " ind2=" ">
      <subfield code="a">Includes index.</subfield>
    </datafield>
    <datafield tag="500" ind1=" " ind2=" ">
      <subfield code="a">Includes also letters by Johann Sturm and Bernhard Botzheim, without separate title page.</subfield>
    </datafield>
    <datafield tag="510" ind1="4" ind2=" ">
      <subfield code="a">Verzeichnis der im deutschen Sprachbereich erschienenen Drucke des 16. Jahrhunderts (VD 16),</subfield>
      <subfield code="c">S 8684</subfield>
    </datafield>
    <datafield tag="505" ind1="0" ind2=" ">
      <subfield code="t">Andreae Fricii Modrevii libri tres : quorum primus De peccato originis, secundus De libero hominis arbitrio, tertius De providentia et praedestinatione Dei æterna : ejusdem, De Mediatore, libri III ... : accessit, Narratio simplex rei novæ, &amp; eiusdem pessimi exempli: simul &amp; querela de iniurijs, &amp; expostulatio cum Stanislao Orichovio Roxolano ; cum ... Indice copioso</subfield>
      <subfield code="g">[Volborii], 1562</subfield>
    </datafield>
    <datafield tag="611" ind1="2" ind2="0">
      <subfield code="a">Council of Trent</subfield>
      <subfield code="d">(1545-1563 :</subfield>
      <subfield code="c">Trento, Italy)</subfield>
    </datafield>
    <datafield tag="611" ind1="2" ind2="7">
      <subfield code="a">Council of Trent</subfield>
      <subfield code="2">fast</subfield>
    </datafield>
    <datafield tag="655" ind1=" " ind2="7">
      <subfield code="a">Religious works.</subfield>
      <subfield code="2">rbmscv</subfield>
    </datafield>
    <datafield tag="655" ind1=" " ind2="7">
      <subfield code="a">Cathwords.</subfield>
      <subfield code="2">rbmscv</subfield>
    </datafield>
    <datafield tag="655" ind1=" " ind2="7">
      <subfield code="a">Headlines.</subfield>
      <subfield code="2">rbmscv</subfield>
    </datafield>
    <datafield tag="655" ind1=" " ind2="7">
      <subfield code="a">Decorated initials.</subfield>
      <subfield code="2">rbmscv</subfield>
    </datafield>
    <datafield tag="655" ind1=" " ind2="7">
      <subfield code="a">Calf bindings.</subfield>
      <subfield code="2">rbmscv</subfield>
      <subfield code="5">UkMaJRU</subfield>
    </datafield>
    <datafield tag="655" ind1=" " ind2="7">
      <subfield code="a">Blind tooled bindings.</subfield>
      <subfield code="2">rbmscv</subfield>
      <subfield code="5">UkMaJRU</subfield>
    </datafield>
    <datafield tag="655" ind1=" " ind2="7">
      <subfield code="a">Board fastenings.</subfield>
      <subfield code="2">rbmscv</subfield>
      <subfield code="5">UkMaJRU</subfield>
    </datafield>
    <datafield tag="655" ind1=" " ind2="7">
      <subfield code="a">Manuscript waste.</subfield>
      <subfield code="2">rbmscv</subfield>
      <subfield code="5">UkMaJRU</subfield>
    </datafield>
    <datafield tag="655" ind1=" " ind2="7">
      <subfield code="a">Edge titles.</subfield>
      <subfield code="2">rbmscv</subfield>
      <subfield code="5">UkMaJRU</subfield>
    </datafield>
    <datafield tag="655" ind1=" " ind2="7">
      <subfield code="a">Marginalia.</subfield>
      <subfield code="2">rbmscv</subfield>
      <subfield code="5">UkMaJRU</subfield>
    </datafield>
    <datafield tag="655" ind1=" " ind2="7">
      <subfield code="a">Underscoring.</subfield>
      <subfield code="2">rbmscv</subfield>
      <subfield code="5">UkMaJRU</subfield>
    </datafield>
    <datafield tag="700" ind1="1" ind2=" ">
      <subfield code="a">Sturm, Johannes,</subfield>
      <subfield code="d">1507-1589,</subfield>
      <subfield code="e">correspondent.</subfield>
      <subfield code="4">crp</subfield>
      <subfield code="1">https://id.oclc.org/worldcat/entity/E39PBJy49qCXBGFTj3PwMB6R8C</subfield>
    </datafield>
    <datafield tag="700" ind1="1" ind2=" ">
      <subfield code="a">Botzheim, Bernhard,</subfield>
      <subfield code="d">1520-1591?,</subfield>
      <subfield code="e">correspondent.</subfield>
      <subfield code="4">crp</subfield>
    </datafield>
    <datafield tag="700" ind1="1" ind2=" ">
      <subfield code="a">Emmel, Samuel,</subfield>
      <subfield code="e">printer.</subfield>
      <subfield code="4">prt</subfield>
    </datafield>
    <datafield tag="752" ind1=" " ind2=" ">
      <subfield code="a">France</subfield>
      <subfield code="d">Strasbourg,</subfield>
      <subfield code="e">publication place.</subfield>
      <subfield code="4">pup</subfield>
    </datafield>
  </record>